Guess The player by Draft - Statistics

General Stats
  • This quiz has been taken 6 times
  • The average score is 4 of 10
Answer Stats
Year Pick Answer % Correct
1984 2 Sam Bowie
80%
2017 5 De'Aaron Fox
60%
1988 1 Danny Manning
40%
1992 24 Latrell Sprewell
40%
2001 3 Pau Gasol
40%
2012 9 Andre Drummond
20%
2005 4 Chris Paul
20%
2003 12 Nick Colllison
20%
1998 32 Rashard Lewis
20%
2008 24 Serge Ibaka
20%
No matching quizzes found
Score Distribution
Percent of People with Each Score
Percentile by Number Answered
Your Score History
You have not taken this quiz